000
00291nam a22001337a 4500
008
170130b xxu||||| |||| 00| 0 eng d
020
_a
042799309582
041
_a
eng
080
_a
61
100
_a
3
101
_a
SHMI
245
_a
YOUR CHILD: A MEDICAL GUIDE
_c
WEBER. L
942
_2
udc
_c
BK
999
_c
4027
_d
4027